000 00758nam a2200229Ii 4500
003 JO-AjNU
008 230605s9999||||xx |||||||||||||| ||und||
017 _a2016/1/205
020 _a978-9957-594-47-3
040 _aJO-AjNU
_bara
_erda
_cJO-AjNU
041 _aara
050 1 4 _aPJ7858.U25.L384.2016
100 3 _aتاليف القضاة، احمد حسن,
_eauthor
_962615
245 0 0 _aلا تهجر الشعر: الديوان التاسع عشر
250 _aط1
264 3 1 _aعمان: دار الجنان للنشر والتوزيع، 2016
300 _a82ص
336 _atext
_btxt
_2rdacontent
337 _aunmediated
_bn
_2rdamedia
338 _avolume
_bnc
_2rdacarrier
650 4 _aالشعر العربي-العصر الحديث
_962616
999 _aA28362
_c31930
_d31930